Business first; a first course in businnes english /

Guardado en:
Autor Principal: Benn, Colin
Otros Autores: Dummett, Paul
Formato: Libro
Publicado: Estados Unidos de América : Heinemann, 1992
Materias:
Etiquetas: Agregar Etiqueta
Sin Etiquetas, Sea el primero en etiquetar este registro!
LEADER 00550nam a22001935a 4500
001 CEM.cems007422
005 20060214000000.0
008 130507s1992##################000#0#####d
003 CEMS
082 0 4 |a 428.64 
100 1 |a Benn, Colin 
245 1 0 |a Business first; a first course in businnes english / 
260 |a Estados Unidos de América :  |b Heinemann,  |c 1992 
300 |a 133 p. 
653 |a Ingles 
653 |a Ingles comercial 
653 |a Ingles-textos 
700 1 |a Dummett, Paul 
859 |a CEMS  |b BIB. CEMS - 11 de abril  |h 428.64  |i B438  |p 17361.93  |t Ej.1